| 000 | 00416cam a22001097a 4500 | ||
|---|---|---|---|
| 008 | 180718b1971 xxu||||| |||| 00| 0 eng d | ||
| 082 | _aL2x44 Un3t | ||
| 245 |
_aInteraction between the french tax system and those of developing countries _cby Department of Economic and Social Affairs, U.S.A. |
||
| 260 |
_aNew York _bUnited Nations _c1971 |
||
| 300 | _a64+p. | ||
| 700 | _aU.S.A. Department of Economic and Social Affairs | ||
| 999 |
_c500536 _d500536 |
||